<?xml version="1.0" encoding="UTF-8"?>
<record
    xmlns:xsi="http://www.w3.org/2001/XMLSchema-instance"
    xsi:schemaLocation="http://www.loc.gov/MARC21/slim http://www.loc.gov/standards/marcxml/schema/MARC21slim.xsd"
    xmlns="http://www.loc.gov/MARC21/slim">

  <leader>00344nam a2200157Ia 4500</leader>
  <controlfield tag="008">230502s9999    xx            000 0 und d</controlfield>
  <datafield tag="020" ind1=" " ind2=" ">
    <subfield code="a">978-0-00-727261-7</subfield>
  </datafield>
  <datafield tag="100" ind1=" " ind2=" ">
    <subfield code="a">Leil Lowndes</subfield>
  </datafield>
  <datafield tag="245" ind1=" " ind2="0">
    <subfield code="a">How To Talk To Anyone</subfield>
  </datafield>
  <datafield tag="250" ind1=" " ind2=" ">
    <subfield code="n">1st</subfield>
  </datafield>
  <datafield tag="260" ind1=" " ind2=" ">
    <subfield code="b">Harper Element</subfield>
  </datafield>
  <datafield tag="260" ind1=" " ind2=" ">
    <subfield code="c">2014</subfield>
  </datafield>
  <datafield tag="300" ind1=" " ind2=" ">
    <subfield code="a">334</subfield>
  </datafield>
  <datafield tag="365" ind1=" " ind2=" ">
    <subfield code="b">399</subfield>
  </datafield>
  <datafield tag="942" ind1=" " ind2=" ">
    <subfield code="c">STBK</subfield>
  </datafield>
  <datafield tag="999" ind1=" " ind2=" ">
    <subfield code="c">181527</subfield>
    <subfield code="d">181527</subfield>
  </datafield>
  <datafield tag="952" ind1=" " ind2=" ">
    <subfield code="r">2023-05-02 00:00:00</subfield>
    <subfield code="l">0</subfield>
    <subfield code="p">SBPCSC1546</subfield>
    <subfield code="w">2023-05-02</subfield>
    <subfield code="y">STBK</subfield>
    <subfield code="1">0</subfield>
    <subfield code="4">0</subfield>
    <subfield code="7">0</subfield>
    <subfield code="0">0</subfield>
    <subfield code="a">SBPCSC</subfield>
    <subfield code="b">SBPCSC</subfield>
    <subfield code="d">0000-00-00</subfield>
    <subfield code="g">399.00</subfield>
    <subfield code="A">152</subfield>
    <subfield code="B">22-11-2022</subfield>
  </datafield>
  <datafield tag="952" ind1=" " ind2=" ">
    <subfield code="r">2023-05-02 00:00:00</subfield>
    <subfield code="l">0</subfield>
    <subfield code="p">SBPCSC1562</subfield>
    <subfield code="w">2023-05-02</subfield>
    <subfield code="y">STBK</subfield>
    <subfield code="1">0</subfield>
    <subfield code="4">0</subfield>
    <subfield code="7">0</subfield>
    <subfield code="0">0</subfield>
    <subfield code="a">SBPCSC</subfield>
    <subfield code="b">SBPCSC</subfield>
    <subfield code="d">0000-00-00</subfield>
    <subfield code="e">Nikhil Books &amp; Stationers</subfield>
    <subfield code="g">399.00</subfield>
    <subfield code="A">154</subfield>
    <subfield code="B">22-12-2022</subfield>
  </datafield>
</record>
